Zahraničný kapitál v ekonomike Slovenska 2. časť

Guardado en:
Detalles Bibliográficos
Autor principal: Hošková, Adela
Formato: Libro
Lenguaje:eslovaco
Publicado: Bratislava Národná banka Slovenska 1997
Colección:Výskumné práce č. 1/1997
Materias:
Etiquetas: Agregar Etiqueta
Sin Etiquetas, Sea el primero en etiquetar este registro!

MARC

LEADER 00000nam a2200000 4500
001 c020055
005 20260220090505.8
020 |a 80-8043-016-0 
041 0 |a slo 
044 |a SK 
245 1 0 |a Zahraničný kapitál v ekonomike Slovenska  |b 2. časť  |c Adela Hošková 
264 1 |a Bratislava  |b Národná banka Slovenska  |c 1997 
300 |a 45 s. 
490 1 |a Výskumné práce  |v č. 1/1997 
830 0 |a Výskumné práce  |v č. 1/1997 
610 2 0 |a kapitál zahraničný 
610 2 0 |a investície zo zahraničia 
610 2 0 |a investície zahraničné 
610 2 0 |a Slovensko 
610 2 0 |a bilancia platobná 
610 2 0 |a zamestnanosť 
610 2 0 |a know-how 
610 2 0 |a transfer technológie 
100 1 |a Hošková, Adela